01130nam a2200277 i 4500003000900000005001700009008004100026040004600067041000800113082002200121110006400143245021100207264006800418300002200486336002200508337002400530338003300554490003300587546005000620650002300670650002400693651001000717700003300727700003400760856005800794EG-GICUC20260415231955.0260406s1998 ie |||fr|||| 00| 0 eng d a EG-GICUCbengc EG-GICUCd EG-GICUCerda aEng04221a343.7bCO . R aProceedings of the Siracusa Conference 17-21 September 199810aReining in Impunity for International Crimes and Serious Violations of Fundamental Human :bProceedings of the Siracusa Conference 17-21 September 1998 /cEditor Christopher C. Joyner, M. Cherif Bassiouni. 1aÉrès :bAssociation Internationale De Droit Pénal,c1998. a661 Pages;c24cm. 2rda contentatext 2rda mediaaComputer 2rda carrieraOnline Resource aNouvelles Études Pénales aالنص باللغة الإنجليزية 1 aCriminology2qrmak1 aCriminal Law2qrmak1 2qrmak1 aJoyner, Christophereeditor.1 aBassiouni, M. Cherifeeditor.40uhttps://fll.law.cu.edu.eg/fulltext/conf/B10-08990.pdf